|
|
|
|
| LEADER |
00000nam a2200000 a 4500 |
| 001 |
vtls001479176 |
| 003 |
SK-MaSNL |
| 005 |
20260302040556.0 |
| 008 |
240318s1837 xx 0 und |
| 035 |
|
|
|a SNK000434474
|
| 040 |
|
|
|a SNK
|b slo
|c SNK
|e AACR2
|
| 041 |
0 |
|
|a und
|
| 044 |
|
|
|a xx
|
| 100 |
1 |
|
|a Grígeľ, Jozef,
|d 1760-1813
|4 aut
|9 120442
|
| 245 |
1 |
0 |
|a [ Institutiones grammaticae in usum scholarum grammaticarum regni Hungariae ... ]
|n [ Pars II ]
|
| 250 |
|
|
|a 1. vyd.
|
| 260 |
|
|
|a [ Budae ]
|b [ Typis Regiae universitatis hung. ]
|c [ 1837 ]
|
| 300 |
|
|
|a 504 s.
|
| 958 |
|
|
|a ONDV
|
| 999 |
|
|
|c 1075247
|d 1077177
|
| 952 |
|
|
|a SNK
|b SNK
|y PREZ
|7 0
|p 17A0436885
|o snkSD 10369/2
|i snkF 609/87
|8 5
|0 0
|1 0
|4 0
|d 2004-07-22
|l 0
|r 2025-11-24 00:00:00
|w 2026-02-24
|